000 00684nam a2200253Ia 4500
003 OSt
005 20220918174257.0
006 a|||||r|||| 00| 0
007 ta
008 220917b |||||||| |||| 00| 0 eng d
024 _a11,378
037 _cTextual
040 _aARTS
_cARTS
_beng
041 _2eng
_aeng
082 _a/\:87v, L8
100 _aEdwardes Michael
_97581
245 0 _aDark side of history
_b Magic in the making man
260 _aLondon
_bGranada Pub
_c1978
300 _aviii,262p. illus
_ccm.
500 _aBibliography 253-54p
650 _aSPIRITUALISM
942 _h/\:87v, L8
_cTEXL
_2CC
999 _c152489
_d152489